[Event "Euskadi-ch U18"]
[Site "Eibar"]
[Date "2016.04.01"]
[Round "6.5"]
[White "Cano Ortega, Ander"]
[Black "Zuloaga Erauskin, Markel"]
[Result "0-1"]
[WhiteElo "1633"]
[BlackElo "1827"]
[PlyCount "74"]
[EventDate "2016.03.29"]
[EventType "tourn"]
[EventRounds "9"]
[EventCountry "ESP"]
[SourceTitle "EXT 2024"]
[Source "ChessBase"]
[SourceDate "2023.10.10"]
[SourceVersion "1"]
[SourceVersionDate "2023.10.10"]
[SourceQuality "1"]

1. e4 e6 2. d4 d5 3. Nc3 dxe4 4. Nxe4 Nd7 5. Nf3 Ngf6 6. Nxf6+ Nxf6 7. Bd3 Be7 8. Bg5 0-0 9. Qe2 c5 10. Rd1 Qa5+ 11. Bd2 Qc7 12. 0-0 b6 13. Rfe1 Bb7 14. c3 Rad8 15. Bc4 Bxf3 16. Qxf3 cxd4 17. Bb3 dxc3 18. Bxc3 Rxd1 19. Rxd1 Rd8 20. Rxd8+ Qxd8 21. Qb7 a5 22. g3 Bc5 23. Qc6 Kf8 24. Bxa5 Bxf2+ 25. Kxf2 bxa5 26. Qc5+ Kg8 27. Ke2 g6 28. Qc3 Kg7 29. g4 Qa8 30. Kf2 Qa7+ 31. Kf3 Qg1 32. h3 Qh2 33. Qxa5 Qxh3+ 34. Ke2 Qxg4+ 35. Kd2 h5 36. Qc7 h4 37. Qh2 h3 0-1

[Event "Euskadi-ch U18"]
[Site "Eibar"]
[Date "2016.03.31"]
[Round "5.1"]
[White "Cano Ortega, Ander"]
[Black "Dorronsoro Larbide, Ibai"]
[Result "1-0"]
[WhiteElo "1633"]
[BlackElo "1616"]
[PlyCount "49"]
[EventDate "2016.03.29"]
[EventType "tourn"]
[EventRounds "9"]
[EventCountry "ESP"]
[SourceTitle "EXT 2024"]
[Source "ChessBase"]
[SourceDate "2023.10.10"]
[SourceVersion "1"]
[SourceVersionDate "2023.10.10"]
[SourceQuality "1"]

1. e4 c5 2. Nc3 Nc6 3. Bb5 Qc7 4. a4 a6 5. Bc4 Nf6 6. d3 g6 7. f4 d6 8. Nf3 Bg7 9. 0-0 Bd7 10. Qe1 0-0 11. h3 Na5 12. Ba2 b5 13. axb5 axb5 14. e5 Ne8 15. Bxf7+ Kh8 16. Nd5 Qd8 17. e6 Bc6 18. Nxe7 Qxe7 19. Rxa5 Rxa5 20. Qxa5 Nc7 21. f5 Nd5 22. Qe1 Nb4 23. Bg5 Bf6 24. Qh4 Bxg5 25. Nxg5 1-0